00446cam a22001577a 4500008004000000082001500040100002500055245008200080260002400162300001000186650001400196650001700210650001700227650002300244650002100267180718b1997 xxu||||| |||| 00| 0 eng d aL2x54 C392 aChatterjee, Biswadeb aTax performance in Indian states: a comparative studycby Biswadeb Chatterjee aDelhibMittalc1997 a319p. aSales tax aProperty tax aBusiness tax aIncome tax - India aTaxation - India